000
00273nam a2200109 a 4500
005
20201002053512.0
008
180426s2017 000 spa d
020
_a
9789945195064
245
0
_a
Proyecto Quiero 2 aƱos :.
260
_a
Santo Domingo,
_c
2017.
999
_c
46757
_d
46757
040
_a
DO-SdBNP